PREP participation manual : (Запис № 538799)

МАРК-запис
000 -LEADER
fixed length control field 01406nam a2200289Ii 4500
001 - CONTROL NUMBER
control field prepparticipatio00haye
003 - CONTROL NUMBER IDENTIFIER
control field CaSfIA
005 - DATE AND TIME OF LATEST TRANSACTION
control field 20210118211825.0
007 - PHYSICAL DESCRIPTION FIXED FIELD--GENERAL INFORMATION
fixed length control field cr||||
008 - FIXED-LENGTH DATA ELEMENTS--GENERAL INFORMATION
fixed length control field 800125s1977 nyua 000 0 eng d
040 ## - CATALOGING SOURCE
Original cataloging agency MFM
Transcribing agency MFM
Modifying agency CaSfIA
035 ## - SYSTEM CONTROL NUMBER
System control number (OCoLC)5915195
090 ## - LOCALLY ASSIGNED LC-TYPE CALL NUMBER (OCLC); LOCAL CALL NUMBER (OCLC)
Classification number (OCLC) (R) ; Classification number, CALL (RLIN) (NR) HQ1061
Local cutter number (OCLC) ; Book number/undivided call number, CALL (RLIN) .H3984
100 1# - MAIN ENTRY--PERSONAL NAME
Personal name Hayes, Stanley I.
245 10 - TITLE STATEMENT
Title PREP participation manual :
Medium [electronic resource]
Remainder of title reading and discussion material for PREP, a pre-retirement education program /
Statement of responsibility, etc Stanley I. Hayes; Peter G. Beatty.
260 ## - PUBLICATION, DISTRIBUTION, ETC. (IMPRINT)
Place of publication, distribution, etc Binghamton, New York :
Name of publisher, distributor, etc Action for Older Persons, inc.,
Date of publication, distribution, etc 1977.
300 ## - PHYSICAL DESCRIPTION
Extent i, 178 p. in various pagings :
Other physical details ill. ;
Dimensions 28 cm.
500 ## - GENERAL NOTE
General note On cover within binding: PREP for your future.
504 ## - BIBLIOGRAPHY, ETC. NOTE
Bibliography, etc Includes bibliographies.
506 ## - RESTRICTIONS ON ACCESS NOTE
Standardized terminology for access restriction Необхідна авторизація на https://archive.org/ (створення облікового запису безкоштовно)
506 ## - RESTRICTIONS ON ACCESS NOTE
Standardized terminology for access restriction Необхідна авторизація на https://openlibrary.org/ (створення облікового запису безкоштовно)
650 #0 - SUBJECT ADDED ENTRY--TOPICAL TERM
Topical term or geographic name as entry element Retirement.
740 00 - ADDED ENTRY--UNCONTROLLED RELATED/ANALYTICAL TITLE
Uncontrolled related/analytical title PREP for your future.
856 41 - ELECTRONIC LOCATION AND ACCESS
Uniform Resource Identifier <a href="http://www.archive.org/details/prepparticipatio00haye">http://www.archive.org/details/prepparticipatio00haye</a>
Public note Free eBook from the Internet Archive
856 42 - ELECTRONIC LOCATION AND ACCESS
Uniform Resource Identifier <a href="http://www.openlibrary.org/books/OL24217228M">http://www.openlibrary.org/books/OL24217228M</a>
Public note Additional information and access via Open Library
942 ## - ADDED ENTRY ELEMENTS (KOHA)
Koha item type ЕКнига

Немає доступних примірників.